000 00734nam a2200205Ia 4500
003 GCL
008 140319s9999 xx 000 0 ara d
040 _aGCL /
_cGCL
082 0 4 _a953.05
_bف خ
100 1 _aفاروق عمر
245 1 0 _aالخلافة العباسية فى عصر الفوضى العسكرية: دراسة تاريخية لبوادر التسلط العسكرى على الخلافة العباسية /
_cفاروق عمر
260 _a[S.N] :
_bمكتبة المثنى ،
_c1977
300 _a270 ص
490 _a
650 0 4 _aالتاريخ الاسلامى
650 0 4 _aالحضارة الاسلامية
650 0 4 _aالخلافة العباسية
650 0 4 _aالعسكر
942 _2ddc
_cBK
999 _c35476
_d35476